01750nam a2200433 i 450000100060000000300080000600500170001400600190003100700150005000800410006502000180010602000270012403500230015103500240017403500250019803500210022304000310024405000210027508000100029608200170030624501030032326401340042630000410056033600310060133700330063233800430066549000520070850000230076058801270078365000180091065000210092865100300094965100350097965500270101470000490104171001110109083000530120185600620125490542FlNmELB20241217171941.0m o d | cr cnu||||||||160112s1990 mx o 001 0 spa d z9789688422137 a9781512923360 (e-book) a(MiAaPQ)EBC4184835 a(Au-PeEL)EBL4184835 a(CaPaEBR)ebr11127072 a(OCoLC)949160409 aFINmELBbspaerdacFINmELB 4aHN113bN851 1990 a304.20 a306.097222300aNormas y practicas morales y civicas en la vida cotidiana /ccoordinador Juan Manuel Ramirez Saiz. 1aMéxico D.F. :bEditorial Miguel Ángel Porrúa :bUNAM, Centro de Investigaciones Interdisciplinarias en Humanidades,c[1990] a1 recurso en línea (237 páginas) atextobtxt2rdacontent/spa acomputadorabc2rdamedia/spa arecurso en líneabcr2rdacarrier/spa1 aColección México--actualidad y perspectivas aContiene índice. aDescripción basada en recurso en línea; Título de la página del título en PDF (e-libro, visto January 12, 2016). 0aSocial norms. 4aNormas sociales. 0aMexicoxMoral conditions. 4aMéxicoxCondiciones morales. 4aLibros electrónicos.1 aRamírez Sáiz, Juan Manuel,ecoordinador.2 aUniversidad Nacional Autónoma de México. Centro de Investigaciones Interdisciplinarias en Humanidades. 0aColección México--actualidad y perspectivas.40uhttps://elibro.net/ereader/politecnicointernacional/72882